LEADER 02154nam0 22004213i 450 001 MOD0041518 005 20231121125553.0 100 $a20050119d1982 ||||0itac50 ba 101 | $aita 102 $ait 181 1$6z01$ai $bxxxe 182 1$6z01$an 200 1 $aActes du troisieme Symposium international de thracologie$e(Palma de Mallorca, 16-19 novembre 1981)$forganise par la Fondation europeenne Dragan 210 $aRoma$cNa gard$d1982 215 $a363 p.$cill.$d24 cm. 606 $aLingua trace$xAtti di congressi$2FIR$3RMLC470829$9N 606 $aLingua daca$xAtti di congressi$2FIR$3RMLC470830$9N 606 $aCiviltà trace$xAtti di congressi$2FIR$3RMLC470831$9N 606 $aCiviltà daca$xAtti di congressi$2FIR$3RMLC470832$9N 606 $aCongressi$xPalma di Maiorca$x1981$2FIR$3RMLC472188$9N 676 $a491.993$9Lingue illiriche e lingue tracofrige. (Include il frigio, il ligure, il messapico, il tracio)$v22 676 $a491.998$9Lingue indoeuropee. Lingue anatoliche. Ittita.$v22 676 $a938.1$9Storia dell'antica Grecia, fino al 323. Macedonia.$v22 676 $a939.88$9Altre parti del mondo antico, fino al 640 ca. Europa sudorientale. Dacia.$v22 710 12$aSymposium international de thracologie$d <3.$f ; 1981$e ; Palma di Maiorca>$3RAVV038172$4070$01441691 712 02$aFondazione europea Dragan$3CFIV022532 791 02$aDragan European foundation$3CFIV022533$zFondazione europea Dragan 791 02$aFundayie Dr?gan$3CFIV047319$zFondazione europea Dragan 791 02$aFondation européenne Dragan$3MILV260295$zFondazione europea Dragan 801 3$aIT$bIT-01$c20050119 850 $aIT-RM0418 $aIT-FR0017 899 $aBIBLIOTECA ACCADEMIA NAZ. DEI LINCEI E CORSINIANA$bRM0418 899 $aBiblioteca umanistica Giorgio Aprea$bFR0017 $eN 912 $aMOD0041518 950 0$aBiblioteca umanistica Giorgio Aprea$d 52DLM E /151.3 /$e 52DUP0009058805 VMB RS $fA $h20220412$i20220412 977 $a 10$a 52 996 $aActes du troisieme Symposium international de thracologie$93611171 997 $aUNICAS LEADER 01171nam2 22003013i 450 001 NAP0073974 005 20231121125557.0 100 $a20041013d1973 ||||0itac50 ba 101 | $ager 102 $ait 181 1$6z01$ai $bxxxe 182 1$6z01$an 200 0 $a1$fJosef Koch 210 $aRoma$cEdizioni di storia e letteratura$d1973 215 $aXVII, 629 p.$d26 cm 461 1$1001SBL0445413$12001 $aKleine Schriften$fJosef Koch$v1 700 1$aKoch$b, Josef$3MILV042305$4070$0388302 801 3$aIT$bIT-01$c20041013 850 $aIT-RM0290 $aIT-FR0084 $aIT-RM0151 $aIT-FR0017 899 $aBIBLIOTECA ANGELICA$bRM0290 899 $aBiblioteca Del Monumento Nazionale Di Montecassino$bFR0084 899 $aBiblioteca Istituto Storico Italiano Medio Evo - I$bRM0151 899 $aBiblioteca umanistica Giorgio Aprea$bFR0017 $eN 912 $aNAP0073974 950 2$aBiblioteca umanistica Giorgio Aprea$d 52MAG 7 Coll D -127$e 52FLS0000179865 VMN RS $fA $h20161103$i20161103 977 $a 06$a 25$a 41$a 52 996 $a1$93611762 997 $aUNICAS